000
00252nam a22001097a 4500
008
160505b xxu||||| |||| 00| 0 eng d
020
_a
0697047431
041
_a
eng
080
_a
611
245
_a
Human anatomy:
_c
Kent M. Van De Graaff;
942
_2
udc
_c
BK
999
_c
1811
_d
1811